Quizzes
Events
Quiz Creation
Community
Videos
Private Events
Remove Ads
Sign In
Join for FREE
Feedback
Dark Mode
Quiz Categories
Sports
Geography
Music
Movies
Television
Just For Fun
Miscellaneous
History
Literature
Language
Science
Gaming
Entertainment
Religion
Holiday
For Kids
Quiz Lab
Recent
Popular Today
Quiz Kudos Today
Editor Picks
Curator Picks
Quizzes by...
Day
Popularity
Type
Ratings
Length
Year
Community
Subscriptions
Recent Discussions
Orange Saloon
Badges
Playlists
Quests
Create
Leaderboards
Showdown
Live 5
Trivia Bingo
Activity
Puzzle Library
Sporcle Events
Private Events
Virtual Trivia
Globe League
Become a Host
Pub Owners
SporcleCon
Opinionation
Our Games
Videos
Blog
Mobile Apps
Partnerships
Remove Ads and Go Orange
Feedback
Movies
Disney
Marvel Cinematic Universe
Movie Resume
Movie Titles
Oscar
Actor
Actress
Director
Pixar
Role
Movie Quotes
Movie Characters
Box Office
Nominee
Best Picture
Star Wars
James Bond
Horror Movies
Movies
Disney
Marvel Cinematic Universe
Movie Resume
Movie Titles
Oscar
Actor
Actress
Director
Pixar
Role
Movie Quotes
Movie Characters
Box Office
Nominee
Best Picture
Star Wars
James Bond
Horror Movies
Random Quiz
Search Sporcle
×
Quiz Lab
Quiz Lab
Movies
Nintendo
Type in answers that appear in a list
Type in answers that appear in a list
Classic
Best Score? Go Orange.
Jeffrey Jones Movies Stats
Can you name the Jeffrey Jones Movies?
By
jmadrox
10m
36 Questions
21 Plays
21 Plays
21 Plays
Comments
Comments
Give Quiz Kudos
Give Quiz Kudos
-
- Ratings
hide this ad
Replay
Link that replays current quiz
Next Quiz
Link to next quiz in quiz playlist
You Got
0%
They Got
Avg Score
23%
Avg Friend Score
Upgrade to see
Score Distribution
Jump to the score distribution portion of the page
Score
0/36
Timer
10:00
0
Plays Today
Year
Movie
% Correct
1986
Ferris Bueller's Day Off
90.5%
1988
Beetle Juice
81%
1984
Amadeus
71.4%
1986
Howard the Duck
61.9%
1992
Mom and Dad Save the World
47.6%
1994
Ed Wood
47.6%
1999
Sleepy Hollow
42.9%
1988
Without a Clue
28.6%
1989
Who's Harry Crumb?
28.6%
1992
Stay Tuned
28.6%
1999
Stuart Little
28.6%
1997
The Devil's Advocate
23.8%
1990
The Hunt for Red October
19%
1997
The Pest
19%
2007
Who's Your Caddy?
19%
1985
Transylvania 6-5000
14.3%
1989
Valmont
14.3%
1995
Houseguest
14.3%
Year
Movie
% Correct
1996
The Crucible
14.3%
1999
Ravenous
14.3%
1978
A Wedding
9.5%
1982
The Soldier
9.5%
1983
Easy Money
9.5%
1987
The Hanoi Hilton
9.5%
1992
Out on a Limb
9.5%
1993
Heaven & Earth
9.5%
1997
Flypaper
9.5%
1997
Santa Fe
9.5%
1998
There's No Fish Food in Heaven
9.5%
2000
Company Man
9.5%
2001
Heartbreakers
9.5%
2001
Dr. Dolittle 2
9.5%
2001
How High
9.5%
2002
Par 6
9.5%
1990
Enid Is Sleeping
4.8%
1994
Extra Terrorestrial Alien Encounter
4.8%
Quiz Playlist
Details
Report
Send in Message
Add To Playlist
Classic:
Type in answers that appear in a list
Quiz Source
Last Updated: Feb 16, 2017
Quiz Scoreboard
CHALLENGE
Sign Up to Join the Scoreboard
Show All
Scores
Hide
Comments
May contain spoilers
Recently Published
One Thing in Common: World Cities II
by knightlancer
Geography
7m
Popular People in 1961
by mucciniale
History
6m
1-10 Letter E Words III
by El_Dandy
Language
2m
More to Explore
Quiz From the Vault
Featured Blog Post
Where Did the Easter Bunny Come From?
hide this ad
You Might Also Like...
Tags
Nintendo Quiz
Character
Jeffrey
Today's Top Quizzes in Movies
Browse Movies
hide this ad
Today's Top Quizzes in Nintendo
Browse Nintendo
Top Contributed Quizzes in Movies
1
Multi-Oscar Nominations, One Movie, One Winner
2
12 Movies about Fictional 1960s Events
3
One Thing in Common: Movies
4
Three Word 'T' Movies Match Up
5
Sunday Crossword: Film Score Composers
6
One Thing in Common: Movies II
7
Three Word 'H' Movies Match Up
8
Three Word 'M' Movies Match Up
9
One Thing in Common: Oscars
10
Three Word 'P' Movies Match Up
Explore More
Trending Topics
Crossword
Marvel
Harry Potter
Anime
NBA
Kpop
Disney
Song
Country
Puzzle
The Office
Soccer
WWE
Pokémon
NFL
hide this ad
More By:
jmadrox
Quiz
Plays
Rating
Category
Featured
Created
Chuck Lorre TV Shows
12,383
3.98
Television
Dec 13, 2011
Bill Paxton Movies
9,020
4.53
Movies
Jul 3, 2010
Goldie Hawn Movies
1,018
4.20
Movies
May 20, 2010
X-Men Members
1,010
4.50
Literature
Sep 18, 2010
Blondie Songs
922
5.00
Music
Jan 16, 2012
Go to Creator's Profile
Score Distribution
Quiz Creator Spotlight
jmadrox
Follow
Send a Message
Quizzes Created
-
Created Quiz Play Count
-
More By This Creator
Popular Quizzes Today
1
Find the US States - No Outlines Minefield
2
The Countries of the World
3
Find the Countries of Europe - No Outlines Minefield
4
Popular People in 1961
5
1-10 Letter E Words III
6
Find the US States
7
One Thing in Common: World Cities II
8
US States
More Movies Quizzes
Star Wars 4-Letter Characters
Quiz Lab
Trending Quizzes
Risky Map Clicking: Least Populous States A-Z
1-10 Letter F Words
1-10 Letter G Words
One Thing in Common: United Kingdom
Risky Map Clicking: Next State Alphabetically
Recently Updated
Leaping Animals
pecheneg
Reality TV Shows (A-Z)
bhenderson79
Rickey Henderson's Hall of Fame Teammates
pecheneg
Champions League XIs: Arsenal
pecheneg
Quick Pick: Celebrities in WWE's Hall of Fame
aduchscher
A-Z Keypad Blitz II
pecheneg
Multiple Oscar Actors
pecheneg
Mystery Phrase Blitz: Oscar 'Best Actors'
pecheneg
F. Scott Fitzgerald Novels
LTH
Pick 3 Villains
ddd62291
Trending Topics
Marvel
Crossword
Kpop
Disney
Harry Potter
NBA
Anime
Pokémon
Puzzle
The Office
Soccer
WWE
Song
Country
NFL
Your Account Isn't Verified!
In order to create a playlist on Sporcle, you need to verify the email address you used during registration. Go to your
Sporcle Settings
to finish the process.
Report this User
Report this user for behavior that violates our
Community Guidelines
.
Details:
Send Report
Go to the Sporcle.com Mobile Site →
Comments